000 00287nam a2200109Ia 4500
008 201217s9999 xx 000 0 und d
100 _aAktas, A. Ziya
245 0 _aStructured Analysis and Design of Information Systems
260 _aNew Delhi
_bPrentice Hall
300 _a190
942 _cBK
999 _c7872
_d7872